书目信息 |
| 题名: |
中国少数民族题材电影初探
|
|
| 作者: | 张掮中 著 | |
| 分册: | ||
| 出版信息: | 中央民族学院科研处 1982 |
|
| 页数: | 128页 | |
| 开本: | 20cm | |
| 丛书名: | ||
| 单 册: | ||
| 中图分类: | J91 | |
| 科图分类: | ||
| 主题词: | 电影--技术 , 电视--艺术--技术 | |
| 电子资源: | ||
| ISBN: | ||
| 000 | 00564nam0 2200193 450 | |
| 001 | 0638187547 | |
| 005 | 20060817082645.85 | |
| 010 | @dCNY0.97 | |
| 100 | @a20060813d1982 km y0chiy0120 ea | |
| 101 | 0 | @achi |
| 200 | 1 | @a中国少数民族题材电影初探@Azhong guo shao shu min zu ti cai dian ying chu tan@f张掮中著@Fzhang qian zhong zhu |
| 210 | @c中央民族学院科研处@d1982 | |
| 215 | @a128页@d20cm | |
| 606 | 0 | @a电影@x技术 |
| 606 | 0 | @a电视@x艺术@x技术 |
| 690 | @aJ91@v3 | |
| 701 | 0 | @a张掮中@Azhang qian zhong@4著 |
| 801 | 0 | @aCN@bPFT@c20060817 |
| 905 | @a10447@dJ91@e136 | |
| 中国少数民族题材电影初探/张掮中著.-中央民族学院科研处,1982 |
| 128页;20cm |
| ISBN :CNY0.97 |
| ● |
| 相关链接 |
|
|
|
|
正题名:中国少数民族题材电影初探
索取号:J91/136
 
预约/预借
| 序号 | 登录号 | 条形码 | 馆藏地/架位号 | 状态 | 备注 |
| 1 | 0456292 | 204562927 | 密集书库/ [索取号:J91/136] | 在馆 | |
| 2 | 0456293 | 204562936 | 密集书库/ [索取号:J91/136] | 在馆 | |
| 3 | 0463054 | 204630541 | 密集书库/ [索取号:J91/136] | 在馆 | |
| 4 | 0465979 | 204659798 | 密集书库/ [索取号:J91/136] | 在馆 | |
| 5 | 0465980 | 204659805 | 密集书库/ [索取号:J91/136] | 在馆 |